| Tag |
First Indicator |
Second Indicator |
Subfields |
| LEADER |
00000cam a2200000 a 4500 |
| 001 |
in00004100241 |
| 005 |
20260128222405.6 |
| 006 |
m o d |
| 007 |
cr cn |
| 008 |
160813s2005 xx o eng |
| 020 |
|
|
|z 0738493708
|
| 020 |
|
|
|z 9780738493701
|
| 035 |
|
|
|a (CaSebORM)0738493708
|
| 040 |
|
|
|d UtOrBLW
|
| 041 |
0 |
|
|a eng
|
| 100 |
1 |
|
|a Gucer, Vasfi,
|e author.
|0 http://id.loc.gov/authorities/names/n2002015332
|
| 245 |
1 |
0 |
|a Deployment Guide Series :
|b IBM Tivoli Configuration Manager /
|c Gucer, Vasfi.
|
| 264 |
|
1 |
|b IBM Redbooks,
|c 2005.
|
| 300 |
|
|
|a 1 online resource (414 pages)
|
| 336 |
|
|
|a text
|b txt
|2 rdacontent
|
| 337 |
|
|
|a computer
|b c
|2 rdamedia
|
| 338 |
|
|
|a online resource
|b cr
|2 rdacarrier
|
| 347 |
|
|
|a text file
|
| 520 |
|
|
|a IBM Tivoli Configuration Manager controls software distribution and asset management inventory in a multiplatform environment. It is designed for configuration, distribution, change, version, and asset management in a distributed computing environment. Working on top of IBM Tivoli Management Framework, IBM Tivoli Configuration Manager provides an integrated solution for managing complex, distributed enterprise environments. This IBM Redbooks publication introduces the IBM Tivoli Configuration Manager logical and physical components and covers detailed planning and implementation steps to deploy IBM Tivoli Configuration Manager in small-to-medium and large-sized environments, including IBM AIX 5L, Microsoft Windows, Linux, and IBM OS/400 systems. In addition, we talk about best practices, advanced customization, and tuning topics for IBM Tivoli Configuration Manager. This book will be useful for IT specialists responsible for implementing IBM Tivoli Configuration Manager V4.2.x in customer environments. Please note that the additional material referenced in the text is not available from IBM.
|
| 533 |
|
|
|a Electronic reproduction.
|b Boston, MA :
|c Safari,
|n Available via World Wide Web.
|d 2005.
|
| 538 |
|
|
|a Mode of access: World Wide Web.
|
| 542 |
|
|
|g 2005
|
| 588 |
|
|
|a Online resource; Title from title page (viewed September 15, 2005)
|
| 500 |
|
|
|a Electronic resource.
|
| 655 |
|
7 |
|a Electronic books.
|2 local
|
| 700 |
1 |
|
|a Peetz, Luciano,
|e author.
|
| 700 |
1 |
|
|a Simmons, James,
|e author.
|0 http://id.loc.gov/authorities/names/no2020011809
|
| 700 |
1 |
|
|a Gonzalez, Ignacio,
|e author.
|
| 710 |
2 |
|
|a Safari, an O'Reilly Media Company.
|
| 856 |
4 |
0 |
|u https://proxy.library.tamu.edu/login?url=https://go.oreilly.com/TAMU/library/view/-/0738493708/?ar
|z Connect to this electronic resource
|t 0
|
| 999 |
f |
f |
|s 103ca61f-e23e-348b-a7c2-b757376e1b81
|i d83ce628-0507-38d4-9289-ad322b025390
|t 0
|
| 952 |
f |
f |
|a Texas A&M University
|b College Station
|c Electronic Resources
|s www_evans
|d Available Online
|t 0
|h No information provided
|
| 998 |
f |
f |
|t 0
|l Available Online
|